LEADER 00531nas a2200169 i 4500 001 000000139658 003 CaOOAMICUS 005 20190409131843.0 008 050527b xx uu u0 0und r 013 $a113750 040 $aSeMil$bita 245 10$a[Annate 1953-1961]. 773 0 $tNuova Antologia.$dRoma : [s.n.] $x0029-6147$w()2541 850 $aSeMil 852 $aSeMil$W1$xVenegono$y1$m176 6 1-25$j93065$B93065$CSeMilBibl$Z2$F98468 $82 996 $6245$a[Annate 1953-1961]$9(OLS)http://semarc/title/422683 LEADER 01059nam a2200265 i 4500 001 000000109390 003 CaOOAMICUS 005 20050513000000.0 008 050513s1980 it u000 u ita u 013 $a82070 040 $aSeMil$bita 100 1 $aRuschioni, Ada.$0(OLS)http://semarc/name/7638 245 10$aTommaso Campanella filosofo-poeta /$cAda Ruschioni. 260 $aBrunello (VA) :$bOtto/Novecento,$ccopyr. 1980. 300 $a254 p. ;$c24 cm. 490 0 $aCritica ed esegesi 500 $aContiene : Nota bibliografica. - Fondo Card. Giovanni Colombo. 600 14$aCampanella, Tommaso .$0(OLS)http://semarc/subject/9557 830 0$aCritica ed esegesi.$0(OLS)http://semarc/title/11928 850 $aSeMil 852 $aSeMil$W1$xVenegono$y1$m1B V 79$j65385$B65385$CSeMilBibl$Z2$F97588 $81 941 1 $a3 961 $aLascito: Colombo Card. Giovanni 996 $6245$aTommaso Campanella filosofo-poeta$9(OLS)http://semarc/title/158797 996 $6260$aBrunello (VA) :$bOtto/Novecento$9(OLS)http://semarc/publisher/31048